The psychology of adolescence : (Record no. 29813)
[ view plain ]
| 000 -LEADER | |
|---|---|
| fixed length control field | 00774nam a22002531 4500 |
| 001 - CONTROL NUMBER | |
| control field | 29813 |
| 003 - CONTROL NUMBER IDENTIFIER | |
| rucl marc code | BD-RjUL |
| 005 - DATE AND TIME OF LATEST TRANSACTION | |
| control field | 20211209051450.0 |
| 008 - FIXED-LENGTH DATA ELEMENTS--GENERAL INFORMATION | |
| fixed length control field | 140407s1951 maua b 001 0 eng |
| 035 ## - SYSTEM CONTROL NUMBER | |
| System control number | (BD-RjUL)29898 |
| System control number | (OCoLC)217572 |
| 040 ## - CATALOGING SOURCE | |
| Original cataloging agency | DLC |
| Transcribing agency | ODaWU |
| Modifying agency | OCoLC |
| -- | DLC |
| -- | BD-RjUL |
| Language of cataloging | eng |
| 041 ## - LANGUAGE CODE | |
| Language code of text/sound track or separate title | eng |
| 082 00 - DEWEY DECIMAL CLASSIFICATION NUMBER | |
| Classification number | 136.7354 |
| Author mark and year | HOP 1951 |
| 100 1# - MAIN ENTRY--PERSONAL NAME | |
| Personal name | Horrocks, John E. |
| Fuller form of name | (John Edwin), |
| Dates associated with a name | 1913-2002. |
| 9 (RLIN) | 90733 |
| 245 14 - TITLE STATEMENT | |
| Title | The psychology of adolescence : |
| Remainder of title | behavior and development / |
| Statement of responsibility, etc. | John E. Horrocks. |
| 260 ## - PUBLICATION, DISTRIBUTION, ETC. (IMPRINT) | |
| Place of publication, distribution, etc. | Boston : |
| Name of publisher, distributor, etc. | Houghton Mifflin, |
| Date of publication, distribution, etc. | c1951. |
| 300 ## - PHYSICAL DESCRIPTION | |
| Pagination | xxvi, 614 p. : |
| Illustrations | illus. ; |
| Size | 23 cm. |
| 504 ## - BIBLIOGRAPHY, ETC. NOTE | |
| Bibliography, etc | Includes bibliographies and index. |
| 650 #0 - SUBJECT ADDED ENTRY--TOPICAL TERM | |
| Topical term or geographic name as entry element | Adolescence. |
| 9 (RLIN) | 90737 |
| 942 ## - ADDED ENTRY ELEMENTS (KOHA) | |
| Source of classification or shelving scheme | Dewey Decimal Classification |
| Koha item type | Books |
| Lost status | Source of classification or shelving scheme | Damaged status | Not for loan | Collection code | Permanent Location | Current Location | Shelving location | Date acquired | Source of acquisition | Total Checkouts | Full call number | Date last seen | Copy number | Koha item type |
|---|---|---|---|---|---|---|---|---|---|---|---|---|---|---|
| Dewey Decimal Classification | Added to bundle | Non-fiction | Central Library, University of Rajshahi | Central Library, University of Rajshahi | Reading Room | 25/03/1955 | Asia Fundation | 136.7354 HOP 1951 | 07/04/2014 | C-1 | Books |